• 首页
  • 本馆介绍
  • 公告通知
  • 最新文献
  • 馆藏检索
  • 电子资源
  • 读者导购
  • 参考咨询
  • 我的图书馆
  • 登录
  • 详细信息显示
  • 放入我的书架
  • 预约/预借图书
  • 作者相关作品
  • 分类相关作品
  • 丛书相关作品
  • 出版社相关作品

书目信息

  • 表格格式
  • 工作单格式
  • 卡片格式
题名:
明朝的皇帝
    
 
作者: 高阳 著
分册: 下  
出版信息: 武汉   长江文艺出版社  2020
页数: 327-600页
开本: 24cm
丛书名:
单 册:
中图分类: K827=48 , K827
科图分类:
主题词: 皇帝--列传--中国--明代
电子资源:
ISBN: 978-7-5702-0986-6
000 00863nam0 2200241 450
001 2134704173
005 20211114093845.68
010    @a978-7-5702-0986-6@dCNY39.00
100    @a20200605d2020 em y0chiy50 ea
101 0  @achi
102    @aCN@b420000
105    @ay z 000yc
200 1  @a明朝的皇帝@9ming chao de huang di@b专著@e高阳版@h下@f高阳著
210    @a武汉@c长江文艺出版社@d2020
215    @a327-600页@d24cm
305    @a经台湾学生书局有限公司授权出版
330    @a本书以每一位皇帝为中心,叙其登皇位的历程,谈其对家事国事的决断,论其治国经邦的成败得失。王臣百吏、后妃太监的生活日常,以及开国、议礼等皇权制度在高阳的笔下徐徐展开,最终呈现出一部明代大历史。
606 0  @a皇帝@x列传@y中国@z明代
690    @aK827=48@v5
690    @aK827@v4
701  0 @a高阳@9gao yang@f(1922-1992)@4著
801  0 @aCN@bBP@c20200605
905    @aZUCC@dK827@e353:2
    
    明朝的皇帝:高阳版.下/高阳著.-武汉:长江文艺出版社,2020
    327-600页;24cm
    
    
    ISBN 978-7-5702-0986-6:CNY39.00
    本书以每一位皇帝为中心,叙其登皇位的历程,谈其对家事国事的决断,论其治国经邦的成败得失。王臣百吏、后妃太监的生活日常,以及开国、议礼等皇权制度在高阳的笔下徐徐展开,最终呈现出一部明代大历史。
●
相关链接 在五车中查询图书 在当当中查询图书 在豆瓣中查询图书


正题名:明朝的皇帝     索取号:K827/353:2         预约/预借

序号 登录号 条形码 馆藏地/架位号 状态 备注
1 2000885881   2000885881   第三书库/ [索取号:K827/353:2] 已借出,限还日期为2026.01.10
借出人:刘宝烨  
 
2 2000885882   2000885882   第三书库/ [索取号:K827/353:2] 在馆    
3 2000885883   2000885883   第三书库/ [索取号:K827/353:2] 在馆    
山东省滨州职业学院图书馆 欢迎您!
大连网信软件有限公司© 版权所有